000 00271nam a22001217a 4500
008 190129b xxu||||| |||| 00| 0 eng d
041 _aeng
080 _a101
100 _a24
101 _aFIL
245 _aConstructing a Life Philosophy
_cBender,D.L
942 _2udc
_cBK
999 _c53860
_d53860